000 01142cam a2200301 a 4500
999 _c2269
_d2269
003 OSt
005 20210707093826.0
008 930914s1994 enka b 001 0 eng c
020 _a0750608803 :
040 _cALUPE UNIVERSITY
043 _ae-uk---
050 0 0 _aRA972
_b.M34 1994
060 0 0 _aWX 150 M2657 1994
245 0 0 _aManagement for hospital doctors /
_cMaurice Burrows ... [et al.] ; foreword by Kenneth C. Calman.
260 _aOxford ;
_aBoston :
_bButterworth-Heinemann,
_c1994.
300 _axv, 360 p. :
_bill. ;
_c26 cm.
504 _aIncludes bibliographical references and index.
650 0 _aPhysician executives.
650 0 _aHospitals
_xAdministration.
650 0 _aPhysician executives
_zGreat Britain.
650 0 _aHospitals
_zGreat Britain
_xAdministration.
650 2 _aHospital Administration
_zGreat Britain.
650 2 _aPhysician's Role.
700 1 _aBurrows, Maurice.
906 _a7
_bcbc
_corignew
_d1
_eocip
_f19
_gy-gencatlg
942 _2lcc
_cBK
_nPW